NFL Legends by Team - Statistics

General Stats
  • This quiz has been taken 860 times
  • The average score is 48 of 161
Answer Stats
Team/ Position Answer % Correct
CARDINALS- WR Larry Fitzgerald
90%
WR Jerry Rice
79%
49ERS- QB Joe Montana
74%
QB Steve Young
71%
QB Russell Wilson
69%
HB Marshawn Lynch
64%
Broncos- QB John Elway
61%
QB Kurt Warner
61%
CB Richard Sherman
61%
QB Peyton Manning
59%
CHARGERS- RB Ladanian Tomlinson
58%
CHIEFS- TE Tony Gonzalez
58%
QB Aaron Rodgers
57%
LIONS- RB Barry Sanders
57%
WR Calvin Johnson
57%
VIKINGS- WR Randy Moss
57%
RAVENS- LB Ray Lewis
57%
TE Antonio Gates
56%
QB Kurt Warner
56%
CB Patrick Peterson
56%
PACKERS- QB Brett Favre
55%
Rams- RB Eric Dickerson
55%
BEARS- RB Walter Payton
54%
BROWNS- RB Jim Brown
52%
SEAHAWKS- WR Steve Largent
52%
S Ed Reed
50%
COWBOYS- RB Emmitt Smith
50%
RB Marshall Faulk
50%
QB Bart Starr
49%
RB Adrian Peterson
47%
QB Eli Manning
47%
PATRIOTS- QB Tom Brady
47%
TE Rob Gronkowski
45%
LB Von Miller
45%
GIANTS- LB Lawrence Taylor
44%
QB Troy Aikman
44%
S Earl Thomas
43%
WR Chris Carter
42%
DOLPHINS- QB Dan Marino
42%
RB Terell Davis
41%
QB Roger Staubach
40%
RAIDERS- RB Marcus Allen
39%
EAGLES- DE/ DT Reggie White
39%
CB Ronnie Lott
38%
SAINTS- QB Drew Brees
37%
BILLLS- QB Jim Kelly
37%
STEELERS- DT Joe Greene
37%
WR Michael Irvin
37%
LB Patrick WIllis
37%
WR Isaac Bruce
36%
JETS- QB Joe Namath
36%
LB Junior Seau
36%
DE/ LB Reggie White
36%
COLTS- QB Peyton Manning
35%
LB Brian Urlacher
34%
WR Chad Johnson
34%
CB Champ Bailey
34%
QB Fran Tarkenton
34%
QB Otto Graham
34%
QB Dan Fouts
33%
QB Donovan McNabb
33%
WR Julio Jones
33%
WR AJ Green
32%
LB Dick Butkus
32%
QB Matt Ryan
32%
DE Michael Strahan
32%
FALCONS- CB Deion Sanders
30%
LB Derrick Thomas
30%
QB Len Dawson
30%
DE/ LB Terrell Suggs
30%
S Troy Polamalu
30%
QB Cam Newton
29%
PANTHERS- WR Steve Smith
29%
CB Dick "Night Train" Lane
28%
TE Tony Gonzalez
28%
WR Andre Reed
27%
S Brian Dawkins
27%
OL Joe Thomas
27%
QB Ken Stabler
27%
WR Marvin Harrison
27%
LB Mike Singletary
27%
TEXANS- LB/ DE JJ Watt
26%
TE Kellen Winslow
26%
CB Darrelle Revis
25%
RB Gale Sayers
25%
RB Priest Holmes
25%
QB Randall Cunningham
25%
RB Thurmon Thomas
25%
LB Jack Lambert
24%
OL Jonathan Ogden
24%
RB Tony Dorsett
24%
RB OJ Simpson
23%
WR/ CB Tim Brown
23%
WR Andre Johnson
22%
QB Boomer Esiason
22%
TE Ozzie Newsom
22%
DB Rod Woodson
22%
QB Archie Manning
21%
DE/ LB Deacon Jones
21%
BUCCANEERS- LB Derrick Brooks
21%
TE Greg Olsen
21%
DE/ DT John Randle
21%
QB Ken Anderson
21%
LB Luke Kuechly
21%
S Sean Taylor
21%
DT Warren Sapp
21%
QB Johnny Unitas
20%
CB Mel Blount
20%
CB/ S Ty Law
20%
LB Bruce Smith
19%
RB Curtis Martin
18%
RB John Riggins
18%
WR Reggie Wayne
18%
WR Roddy White
18%
DT Vince WIlfork
18%
QB Warren Moon
18%
QB Bob Griese
17%
REDSKINS- CB Darrell Green
17%
DE Howie Long
17%
WR Herman Moore
16%
S Larry Wilson
16%
CB Rhonde Barber
16%
P- QB- DB Sammy Baugh
16%
RB Arian Foster
15%
S John Lynch
15%
RB Larry Csonka
15%
CB/S Aneas Williams
14%
WR Art Monk
14%
TITANS- RB Earl Campbell
14%
LB Jason Taylor
14%
JAGUARS- RB Maurice Jones Drew
14%
OL Will Shields
14%
BENGALS- OL Anthony Munoz
13%
RB Fred Taylor
13%
OL Gene Upshaw
13%
QB Steve McNair
13%
WR Marques Colston
12%
LB Thomas Davis
11%
DE/ LB Dwight Freeney
10%
WR Jimmy Smith
10%
QB Mark Brunell
10%
LB Ray Nitschke
10%
LB Tedy Bruschi
9%
LB Zach Thomas
9%
LB Brian Cushing
8%
OL Bruce Matthews
8%
RB Eddie George
8%
LB Chuck Bednarik
7%
WR Don Maynard
7%
RB Mike Alstott
7%
OL Duane Brown
6%
DE/ LB Harry Carson
6%
LB Rickey Jackson
6%
OL Willie Roaf
6%
CB Dick LeBeau
5%
RB Jamal Lewis
4%
OL Tony Boselli
4%
RB Frank Gifford
2%
WR Keenan McCardell
2%
LB Clay Matthews
1%
DE/ DT Joe Klecko
1%
No matching quizzes found
Score Distribution
Percent of People with Each Score
Percentile by Number Answered
Your Score History
You have not taken this quiz